[Event "UKR-ch sf"]
[Site "Omelnyk"]
[Date "2018.11.03"]
[Round "9"]
[White "Sergeev, Vladimir"]
[Black "Lisnyak, Vladislav"]
[Result "1/2-1/2"]
[WhiteElo "2412"]
[BlackElo "2263"]
[PlyCount "86"]
[EventDate "2018.10.26"]
[EventType "swiss"]
[EventRounds "9"]
[EventCountry "UKR"]
[SourceTitle "CBM 187 Extra"]
[Source "ChessBase"]
[SourceDate "2018.11.04"]
[SourceVersion "1"]
[SourceVersionDate "2018.11.04"]
[SourceQuality "1"]

1. g3 d5 2. Nf3 Nf6 3. Bg2 e6 4. 0-0 Be7 5. d3 0-0 6. c4 c5 7. b3 Nc6 8. e3 d4 9. exd4 cxd4 10. Re1 Nd7 11. Ba3 Re8 12. Nfd2 e5 13. Ne4 Nb4 14. g4 a5 15. Bc1 Nc5 16. Nxc5 Bxc5 17. a3 Nc6 18. Nd2 Qh4 19. h3 f5 20. gxf5 Bxf5 21. Ne4 Be7 22. Qf3 Rf8 23. Qg3 Qh5 24. Ra2 Ra6 25. Qh2 Bh4 26. Rd2 Ne7 27. Ng3 Qg6 28. Nxf5 Rxf5 29. Rde2 Raf6 30. Rf1 Qh5 31. Ra2 Rf3 32. Re2 R3f5 33. f4 Bg3 34. Qxg3 Qxe2 35. Re1 Qh5 36. Qg4 Qf7 37. Rxe5 Rxe5 38. fxe5 Rg6 39. Qe4 Qf5 40. Qxb7 Qxe5 41. Qa8+ Kf7 42. Qf3+ Rf6 43. Qe4 Qg3 1/2-1/2

[Event "UKR-ch U16"]
[Site "Vinnytsia"]
[Date "2018.03.16"]
[Round "11"]
[White "Lisnyak, Vladislav"]
[Black "Baidetsky, Valentin"]
[Result "0-1"]
[WhiteElo "2177"]
[BlackElo "2391"]
[PlyCount "82"]
[EventDate "2018.03.07"]
[EventType "tourn"]
[EventRounds "11"]
[EventCountry "UKR"]
[SourceTitle "CBM 183 Extra"]
[Source "ChessBase"]
[SourceDate "2018.04.19"]
[SourceVersion "1"]
[SourceVersionDate "2018.04.19"]
[SourceQuality "1"]

1. e4 Nf6 2. e5 Nd5 3. d4 d6 4. Nf3 g6 5. c4 Nb6 6. exd6 cxd6 7. h3 Bg7 8. Be2 0-0 9. 0-0 Bf5 10. Nc3 Nc6 11. a3 a6 12. Be3 d5 13. g4 Be6 14. c5 Nc4 15. Bxc4 dxc4 16. d5 Bxc3 17. dxc6 Bxb2 18. cxb7 Bxa1 19. Qxa1 Rb8 20. Bh6 f6 21. Bxf8 Qxf8 22. Qd4 Rxb7 23. c6 Rc7 24. Qb6 Qc8 25. Nd4 Bf7 26. f4 Qd8 27. f5 Qd6 28. Rd1 Qg3+ 29. Kf1 Qxh3+ 30. Kf2 Qh2+ 31. Ke3 Qe5+ 32. Kd2 Bd5 33. Re1 c3+ 34. Kd1 Qf4 35. Re2 Bc4 36. Qb8+ Kf7 37. Ne6 Qf1+ 38. Kc2 Qxe2+ 39. Kxc3 Qd3+ 40. Kb2 Qd2+ 41. Kb1 Bd3+ 0-1

[Event "EU-ch U16 27th"]
[Site "Mamaia"]
[Date "2017.09.06"]
[Round "2"]
[White "Zarubitski, Viachaslau"]
[Black "Lisnyak, Vladislav"]
[Result "1-0"]
[WhiteElo "2325"]
[BlackElo "2119"]
[PlyCount "62"]
[EventDate "2017.09.05"]
[EventType "swiss"]
[EventRounds "9"]
[EventCountry "ROU"]
[SourceTitle "CBM 180 Extra"]
[Source "ChessBase"]
[SourceDate "2017.10.06"]
[SourceVersion "1"]
[SourceVersionDate "2017.10.06"]
[SourceQuality "1"]

1. e4 c5 2. Nf3 e6 3. d4 cxd4 4. Nxd4 Nc6 5. Nb5 Nf6 6. N1c3 Bb4 7. a3 Bxc3+ 8. Nxc3 d5 9. exd5 exd5 10. Bd3 0-0 11. 0-0 d4 12. Ne2 Bg4 13. f3 Bh5 14. Nf4 Bg6 15. Nxg6 hxg6 16. f4 Ne7 17. Qf3 Qd5 18. Bd2 Rfe8 19. Rae1 Nf5 20. Qxd5 Nxd5 21. Rxe8+ Rxe8 22. g3 Nfe3 23. Re1 Rc8 24. Bxe3 Nxe3 25. Kf2 Rc6 26. Kf3 Nxc2 27. Re8+ Kh7 28. Re7 b6 29. Be4 Rc8 30. Rxf7 Ne3 31. Rd7 Rc4 1-0